| 000 -LEADER |
| fixed length control field |
01977nam a2200397 i 4500 |
| 001 - CONTROL NUMBER |
| control field |
ocm17239272 |
| 003 - CONTROL NUMBER IDENTIFIER |
| control field |
OSt |
| 005 - DATE AND TIME OF LATEST TRANSACTION |
| control field |
20230818104610.0 |
| 008 - FIXED-LENGTH DATA ELEMENTS--GENERAL INFORMATION |
| fixed length control field |
180622s2008 enka e 000 1 eng d |
| 020 ## - INTERNATIONAL STANDARD BOOK NUMBER |
| International Standard Book Number |
9780194791212 |
| 040 ## - CATALOGING SOURCE |
| Original cataloging agency |
VLB |
| Transcribing agency |
VLB |
| Modifying agency |
BDX |
| -- |
DLC |
| -- |
CaOL |
| -- |
KH8 |
| Language of cataloging |
eng |
| Description conventions |
rda |
| 082 ## - DEWEY DECIMAL CLASSIFICATION NUMBER |
| Classification number |
823.914 DIB |
| 100 1# - MAIN ENTRY--PERSONAL NAME |
| Personal name |
Dibdin, Michael, |
| Relator term |
author. |
| 245 14 - TITLE STATEMENT |
| Title |
The last Sherlock Holmes story / |
| Statement of responsibility, etc. |
Michael Dibdin ; retold by Rosalie Kerr ; [illustrated by Paul Dickinson] |
| 250 ## - EDITION STATEMENT |
| Edition statement |
Simplified edition. |
| 264 #1 - PRODUCTION, PUBLICATION, DISTRIBUTION, MANUFACTURE, AND COPYRIGHT NOTICE |
| Place of production, publication, distribution, manufacture |
Oxford, [England] : |
| Name of producer, publisher, distributor, manufacturer |
Oxford University Press, |
| Date of production, publication, distribution, manufacture, or copyright notice |
[2008] |
| 264 #4 - PRODUCTION, PUBLICATION, DISTRIBUTION, MANUFACTURE, AND COPYRIGHT NOTICE |
| Date of production, publication, distribution, manufacture, or copyright notice |
©2008. |
| 300 ## - PHYSICAL DESCRIPTION |
| Extent |
72 pages : |
| Other physical details |
illustrations ; |
| Dimensions |
20 cm. |
| 336 ## - CONTENT TYPE |
| Content type term |
text |
| Source |
rdacontent. |
| 337 ## - MEDIA TYPE |
| Media type term |
unmediated |
| Source |
rdamedia. |
| 338 ## - CARRIER TYPE |
| Carrier type term |
volume |
| Source |
rdacarrier. |
| 490 1# - SERIES STATEMENT |
| Series statement |
Oxford bookworms library, Crime & mystery, Stage 3. |
| 500 ## - GENERAL NOTE |
| General note |
Included in the reader: story and activities. |
| 505 0# - FORMATTED CONTENTS NOTE |
| Formatted contents note |
The first murders -- Professor Moriarty -- Jack the Ripper kills again -- Moriarty is dead -- Death at the Reichenbach Falls. |
| 520 ## - SUMMARY, ETC. |
| Summary, etc. |
For fifty years after Dr Watson's death, a packet of papers, written by the doctor himself, lay hidden in a locked box. The papers contained an extraordinary report of the case of Jack the Ripper and the horrible murders in the East End of London in 1888. The detective, of course, was the great Sherlock Holmes - but why was the report kept hidden for so long? This is the story that Sir Arthur Conan Doyle never wrote. It is a strange and frightening tale . . |
| 600 10 - SUBJECT ADDED ENTRY--PERSONAL NAME |
| Personal name |
Holmes, Sherlock |
| Form subdivision |
Fiction. |
| 650 #0 - SUBJECT ADDED ENTRY--TOPICAL TERM |
| Topical term or geographic name entry element |
Reading comprehension |
| Form subdivision |
Problems, exercises, etc. |
| 650 #0 - SUBJECT ADDED ENTRY--TOPICAL TERM |
| Topical term or geographic name entry element |
High interest-low vocabulary books. |
| 650 #0 - SUBJECT ADDED ENTRY--TOPICAL TERM |
| Topical term or geographic name entry element |
Readers for new literates. |
| 650 #0 - SUBJECT ADDED ENTRY--TOPICAL TERM |
| Topical term or geographic name entry element |
Readers (Adult) |
| 650 #0 - SUBJECT ADDED ENTRY--TOPICAL TERM |
| Topical term or geographic name entry element |
Private investigators |
| Geographic subdivision |
England |
| Form subdivision |
Fiction. |
| 650 #0 - SUBJECT ADDED ENTRY--TOPICAL TERM |
| Topical term or geographic name entry element |
Detective and mystery fiction. |
| Source of heading or term |
genre. |
| 700 1# - ADDED ENTRY--PERSONAL NAME |
| Personal name |
Dickinson, Paul, |
| Relator term |
illustrator. |
| 830 #0 - SERIES ADDED ENTRY--UNIFORM TITLE |
| Uniform title |
Oxford bookworms library. |
| Name of part/section of a work |
Crime & mystery. |
| 942 ## - ADDED ENTRY ELEMENTS (KOHA) |
| Source of classification or shelving scheme |
|
| Koha item type |
Teaching Resources |